000 00539nam a22001697a 4500
005 20251108173251.0
008 250721s9999 xx 000 0 ara d
082 1 4 _a411/جبو
100 1 _aالجبوري، محمود شكر
245 1 0 _aالخط العربي ((قيم ومفاهيم)) والزخرفة الإسلامية /
264 1 _aإربد :
_bدارالأمل للنشر والتوزيع،
300 _a242ص.
650 1 7 _aالخط العهربي
650 1 7 _aفن الزخرفة
942 _2ddc
_cBK
999 _c99924
_d99924